|
|
|
|
| LEADER |
00000nam a22000007a 4500 |
| 005 |
20160223131013.0 |
| 008 |
160223s2013 mx ||||| |||| 00||0 spa d |
| 020 |
|
|
|a 978-607-8331-75-8
|
| 035 |
|
|
|a 13092
|
| 040 |
|
|
|a vLex
|
| 090 |
|
|
|c 5897
|d 5897
|
| 245 |
1 |
0 |
|a Gua̕s de Auditora̕ (versin̤ profesional)
|h [Recurso electrn̤ico] /
|c Instituto Mexicano de Contadores Pb︢licos
|
| 256 |
|
|
|a Servicio en ln̕ea
|
| 260 |
|
|
|a Mx̌ico
|b Instituto Mexicano de Contadores Pb︢licos
|c 2013
|
| 300 |
|
|
|a 1 recurso electrn̤ico
|
| 500 |
|
|
|a Gua̕s de auditoria La Comisin̤ de Normas de Auditoria y Aseguramiento (CONAA) del Instituto Mexicano de Contadores Pb︢licos, A.C. (IMCP) prepara este nuevo libro denominado GuƯ̕as de Auditoria. Esta versin̤ comparada con la edicin̤ anterior contiene la agrupacin̤ de las series 5000 y 6000 correspondientes a los procedimientos y gua̕s para trabajos de auditoria
|
| 506 |
1 |
|
|a Contenido solo disponible en los productos indicados
|d vLex Global
|d vLex Global (Academic Edition, excluding Law Schools)
|d vLex Global (U.S. Academic Edition, Law Schools)
|d vLex Global (U.S. Academic Edition, excluding Law Schools)
|d vLex Global (Academic Edition, Law Schools)
|
| 650 |
0 |
4 |
|a Auditora̕
|z Mx̌ico
|
| 740 |
0 |
|
|a vLex libros (servicio en ln̕ea)
|
| 856 |
4 |
0 |
|u http://vlex.com/source/guias-de-auditoria-version-profesional--13092
|z Acceso restringido
|
| 942 |
|
|
|c BOOK
|
| 999 |
0 |
|
|a Auditing
|